| 000 | 00859nam a2200241 a 4500 | ||
|---|---|---|---|
| 001 | 13962 | ||
| 003 | CO-ViMGA | ||
| 008 | 141112s2004 ck r 000 u spa d | ||
| 020 | _a9589206778 | ||
| 040 |
_aCO-ViMGA _bspa _cCO-ViMGA |
||
| 082 | 0 | 4 | _a370.1 C659p |
| 110 | _aConvenio Andres Bello | ||
| 245 | 1 | 0 | _aPensamiento pedagogico de los grandes educadores de los paises del Convenio Andres Bello |
| 260 |
_aSantafé de Bogotá : _bVoluntad, _c1995 |
||
| 300 | _a2 | ||
| 500 | _aV.1 : Colombia - España - Panama - Venezuela. V.2 : Bolivia - Chile - Ecuador - Peru.. | ||
| 590 | _aForma de adquisición : Compra | ||
| 650 | 1 | 4 |
_aAmérica LATINA - ENSEÑANZA _920380 |
| 650 | 1 | 4 |
_aMETODOS DE ENSEÑANZA - América LATINA _920381 |
| 650 | 1 | 4 |
_aMODELOS DE ENSEÑANZA _920382 |
| 650 | 1 | 4 |
_aPEDAGOGIA - ENSAYOS, CONFERENCIAS, ETC _920383 |
| 942 |
_2ddc _cBK |
||
| 999 |
_c24663 _d24663 |
||